Manual de psiquiatría clínica / (Registro nro. 1113)

Detalles MARC
000 -LEADER
fixed length control field 01482nam a2200397 a 4500
005 - FECHA ULTIMA MODIFICACION
control field 20240515105341.0
008 - CAMPO DE CONTROL (LIBRO)
fixed length control field 100809s2011||||sp f |||| 001 0 spa d
020 ## - INTERNATIONAL STANDARD BOOK NUMBER
ISBN 9789872479367
041 ## - CODIGO DE IDIOMA
Código de idioma del texto/pista de sonido o título separado spa
092 ## - SIGNATURA TOPOGRAFICA DEWEY LOCAL
número de clasificación 616.89
libristica 25
sección FIN
100 1# - ENTRADA PRINCIPAL--NOMBRE PERSONAL
Nombre personal Finkelsztein, Carlos
9 (RLIN) 1818
Función Ed.
245 ## - TITULO PROPIAMENTE DICHO
Título Manual de psiquiatría clínica /
Mención de responsabilidad y remanente de la transcripción de la portada Carlos Finkelsztein
250 ## - MENCION DE EDICION
Mención de edición 1a ed. revisada y corregida
260 ## - PIE DE IMPRENTA
Lugar de publicación, distribución, etc Buenos Aires:
Nombre de la editorial, distribuidor, etc delhospital ediciones;
Fecha de publicación 2011.
300 ## - DESCRIPCION FISICA
Extension 204 p.
Otros detalles físicos il.
Dimensiones 22x16 cm.
500 ## - NOTA GENERAL
Nota general Finkelsztein, C., García de Amusquibar, A. M. y Matusevich, D. (Eds.). (2011). Manual de psiquiatría clínica. (1a ed.). Buenos Aires : delhospital ediciones.
653 ## - TÉRMINO INDIZADO - PALABRAS CLAVES
Palabra clave Entrevista psiquiátrica
653 ## - TÉRMINO INDIZADO - PALABRAS CLAVES
Palabra clave Aparato psíquico y mecanismos de defensa
653 ## - TÉRMINO INDIZADO - PALABRAS CLAVES
Palabra clave Semiología
653 ## - TÉRMINO INDIZADO - PALABRAS CLAVES
Palabra clave Trastornos de la personalidad
653 ## - TÉRMINO INDIZADO - PALABRAS CLAVES
Palabra clave Trastornos de ansiedad
653 ## - TÉRMINO INDIZADO - PALABRAS CLAVES
Palabra clave Esquizofrenia y trastorno delirante
653 ## - TÉRMINO INDIZADO - PALABRAS CLAVES
Palabra clave Trastornos del estado de animo
653 ## - TÉRMINO INDIZADO - PALABRAS CLAVES
Palabra clave Trastornos de la conducta alimentaria
653 ## - TÉRMINO INDIZADO - PALABRAS CLAVES
Palabra clave Trastornos adictivos
653 ## - TÉRMINO INDIZADO - PALABRAS CLAVES
Palabra clave Psiquiatría y medicina actual
653 ## - TÉRMINO INDIZADO - PALABRAS CLAVES
Palabra clave Psicogeriatría
653 ## - TÉRMINO INDIZADO - PALABRAS CLAVES
Palabra clave Urgencias psiquiátricas
653 ## - TÉRMINO INDIZADO - PALABRAS CLAVES
Palabra clave Aspectos legales en psiquiatría
653 ## - TÉRMINO INDIZADO - PALABRAS CLAVES
Palabra clave Proceso psicodiagnóstico en la clínica
653 ## - TÉRMINO INDIZADO - PALABRAS CLAVES
Palabra clave Guía de psicofármacos
653 ## - TÉRMINO INDIZADO - PALABRAS CLAVES
Palabra clave Psicoterapias
700 1# - ENTRADAS SECUNDARIAS - NOMBRE PERSONAL
Nombre personal García de Amusquibar, Ana M.
9 (RLIN) 1819
Función Ed.
700 1# - ENTRADAS SECUNDARIAS - NOMBRE PERSONAL
Nombre personal Matusevich, Daniel
9 (RLIN) 1820
Función Ed.
942 ## - ADDED ENTRY ELEMENTS (KOHA)
Source of classification or shelving scheme Dewey Decimal Classification
Item type Libros
Existencias
Estado de retiro Existencia Fuente de clasificación Estado general No para prestamo Colección Ubicación permanente ubicación actual Sala de ubicación Fecha de adquisición Costo, precio normal de compra Total Checkouts Número de clasificación Código de barras Date last seen Número de ejemplar Price effective from Koha tipo de elemento (item) Public note Total Renewals Date last borrowed
    Dewey Decimal Classification     Reference Biblioteca Medicina Biblioteca Medicina Referencia 16/10/2012 0.00   616.89 25 FIN 2654 06/11/2014 ej.1 16/10/2012 Reference LIBRO DE CONSULTA, COMPRA PROMED OCTUBRE 2012    
    Dewey Decimal Classification       Biblioteca Medicina Biblioteca Medicina Circulación 16/10/2012 0.00 9 616.89 25 FIN 2655 18/11/2025 ej.2 16/10/2012 Libros COMPRA PROMED, OCTUBRE 2012 5 04/11/2025
    Dewey Decimal Classification       Biblioteca Medicina Biblioteca Medicina Circulación 16/10/2012 0.00 4 616.89 25 FIN 2656 10/10/2023 ej.3 16/10/2012 Libros COMPRA PROMED, OCTUBRE 2012 2 20/09/2023

UNIVERSIDAD NACIONAL DEL COMAHUE
Biblioteca de la Facultad de Ciencias Médicas
Sede Toschi: Los Arrayanes y Av. Toschi, Cipolletti  - Rio Negro
Sede Los Tordos:  Yrigoyen al 2211, Cipolletti - Rio Negro 

Teléfono: 0299 - 4774707 int 25
Contacto: biblioteca@facimed.uncoma.edu.ar
© 2011 - 2026